书目信息 |
| 题名: |
英汉数学词汇(第二版)
|
|
| 作者: | 齐玉霞编订 | |
| 分册: | ||
| 出版信息: | 1984.05 |
|
| 页数: | 556页 | |
| 开本: | 32开 | |
| 丛书名: | ||
| 单 册: | ||
| 中图分类: | O1 | |
| 科图分类: | ||
| 主题词: | 数学 | |
| 电子资源: | ||
| ISBN: | ||
| 000 | 00536nam0 2200205 45 | |
| 001 | 0004270972 | |
| 005 | 20000615102410.1 | |
| 010 | @d3.00元 | |
| 100 | @a20000427d1984 km y0chiy0120 ea | |
| 101 | @achi | |
| 105 | @a z 000yy | |
| 200 | 1 | @a英汉数学词汇(第二版)@AYing Han Shu Xue Ci Hui(Di Er Ban)@f齐玉霞编订@FQi Yu Xia Bian Ding |
| 205 | @a2 | |
| 210 | @d1984.05 | |
| 215 | @a556页@d32开 | |
| 606 | 0 | @a数学 |
| 690 | @aO1@v3 | |
| 701 | @a齐玉霞编订 | |
| 801 | @aCN@bPftUser@c20000427 | |
| 905 | @dO1@eQ903=3-1@b205407-408@f2 | |
| 英汉数学词汇(第二版)/齐玉霞编订.-2.-1984.05 |
| 556页;32开 |
| ISBN :3.00元 |
| ● |
| 相关链接 |
|
|
|
正题名:英汉数学词汇(第二版)
索取号:O1/Q903=3-1
 
预约/预借
| 序号 | 登录号 | 条形码 | 馆藏地/架位号 | 状态 | 备注 |
| 1 | 205407 | 202054070 | 自科二线504/504自科库 24排2列5层/ [索取号:O1/Q903=3-1] | 在馆 | |
| 2 | 205408 | 202054089 | 自科二线504/504自科库 24排2列5层/ [索取号:O1/Q903=3-1] | 在馆 |